The perception and management of risk : Applied methodological approaches to development.

Đã lưu trong:
書目詳細資料
格式: Sách giấy
語言:Vietnamese
出版: Việt Nam : [s.n.], 2014.
標簽: 添加標簽
沒有標簽, 成為第一個標記此記錄!
Thư viện lưu trữ: Thư viện Trường Đại học Đà Lạt
LEADER 00650nam a2200277 4500
001 DLU150168253
005 ##20150326
040 # # |a DLU  |b vie 
041 # # |a vie 
044 # # |a vn 
082 # # |a 658.155  |b Per 
245 # # |a The perception and management of risk :  |b Applied methodological approaches to development. 
260 # # |a Việt Nam :  |b [s.n.],  |c 2014. 
300 # # |a 375 tr. ;  |c 24 cm. 
923 # # |a 09/2014 
991 # # |a SH 
992 # # |a 18800 
994 # # |a DLU 
998 # # |a KY 
900 # # |a True 
911 # # |a Đào Thị Thu Huyền 
925 # # |a G 
926 # # |a A 
927 # # |a SH 
980 # # |a Thư viện Trường Đại học Đà Lạt